000
00328nam a2200145Ia 4500
100
_a
Cane/ Sheila
942
_c
RB
654
_a
Production
245
_a
Kaizen Strategies for Winning through People
260
_b
Pitman Publishing
_c
1996
082
_a
658.00952
_b
CAN
300
_a
242
546
_a
ENGLISH
999
_c
17812
_d
17812